00614nam a22002057a 450000500170000001000130001702000100003003500130004003700160005304000120006908200150008110000180009624500410011426000400015527000450019530000210024050000500026165000330031165000640034420170124110041.0 aA-835001 c00.00 aA-835001 bCen Lib/Ret aDPLbEN a880.8bPAT aPater, Walter aAn essay on style /cby Walter Pater bArjit Kumar Papyrusc1991aCalcutta a2, Ganendra Mita LanebCalcuttae700 004 a104p. c20cm(Hb) aIncludes bibliographical references and index aPater as an aesthetic critic aEnglish literature -- History and criticism -- 19th century